000 01402nam a2200301 a 4500
001 BRCA_5113
005 20190320204939.0
008 191110s1861----mx-######v---#000-0#spa-#
041 _aspa
044 _amx
084 _aDOC112
_b.Z36
_c1861
100 1 _aZamacona, Pablo
_d1836-1890
_913045
245 1 0 _aDocumento firmado por Don [Pablo] Zamacona dirigido a Don Eduardo de Goroztiza
_c[Pablo]Zamacona ; Eduardo de Goroztiza.
260 _aMéxico
_c1861
300 _a[1] foja
_c33 x 22 cm.
500 _aDocumento firmado el 1 de septiembre de 1861.
500 _aDocumento en el cual [Pablo] Zamacona escribe a Goroztiza comunicándole el nombramiento de Jefe de la Sección de América a su favor y le pide presente los papeles a fin de acreditárselo.
500 _aAl margen sello que dice: ´SELLO DE LA SECRETARIA DE ESTADO Y DE DESPACHO DE RELACIONES EXTERIORES´.
500 _aEl documento contiene la leyenda DOC. #276.
506 0 _aFondo Reservado. Para su consulta es necesario credencial de usuario y carta de motivos.
546 _aTexto en: español de mediados del siglo XIX.
600 1 4 _aZamacona, Pablo
_d1836-1890
_xHistoria
_913046
650 1 4 _aDocumentos legales
_vManuscritos
_xHistoria
_912814
651 4 _aMéxico
_xHistoria
_yConstitución y reforma, 1855-1863
_913047
700 1 _aGoroztiza, Eduardo
_d1815-?
_913048
902 _aFDH
942 _2lcc
_cD
999 _c4807
_d4807